Sports Quiz

Random Sports or MLB Quiz

MLB player nicknames - Quiz Stats

 Plays Quiz not verified by Sporcle

Challenge
Share
Tweet
Embed
Score 0/16 Timer 06:00
0 Plays Today
nickname player % Correct
Mr OctoberReggie Jackson
94.8%
Mr CubErnie Banks
89.7%
Mr PadreTony Gwynn
88.7%
Mr NovemberDerek Jeter
86.6%
Mr TigerAl Kaline
75.3%
Mr HooverBrooks Robinson
63.9%
Mr MarlinJeff Conine
44.3%
Mr MayDave Winfield
37.1%
nickname player % Correct
Mr AutomaticMariano Rivera
34%
Mr MarinerAlvin Davis
28.9%
Mr Home RunRalph Kiner
22.7%
Mr Consistent YankeeRoy White
20.6%
Mr OrioleMike Flanagan
12.4%
Mr CleanSteve Garvey
12.4%
Mr FreezeAlbert Belle
8.2%
Mr ClutchJoe Cronin
2.1%

You're not logged in!

Compare scores with friends on all Sporcle quizzes.
OR
Log In

You Might Also Like...

Show Comments

Extras

Top Quizzes Today


Score Distribution

Your Account Isn't Verified!

In order to create a playlist on Sporcle, you need to verify the email address you used during registration. Go to your Sporcle Settings to finish the process.

Report this User

Report this user for behavior that violates our Community Guidelines.

Details: